Vista normal
Vista MARC
Entrada Personal Name
Número de registros utilizados en: 5
001 - CONTROL NUMBER
- control field: 947
003 - CONTROL NUMBER IDENTIFIER
- control field: OSt
005 - DATE AND TIME OF LATEST TRANSACTION
- control field: 20230404144334.0
008 - FIXED-LENGTH DATA ELEMENTS
- fixed length control field: 230404|| aca||aabn | a|a d
040 ## - CATALOGING SOURCE
- Original cataloging agency: OSt
- Transcribing agency: OSt
100 ## - HEADING--PERSONAL NAME
- Personal name: La Fontaine, Jean de
- Dates associated with a name: 1621-1695
- Title of a work: Fábulas
- General subdivision: Adaptaciones literarias
670 ## - SOURCE DATA FOUND
- Source citation: Work cat.: (OSt)0: Gil Martinez, Carmen 1962- autora 946, Fábulas